000
00314pab a2200145 454500
008
180718b2003 xxu||||| |||| 00| 0 eng d
100
_a
Suguna, B.
245
_a
The working girl child
260
_c
2003
300
_a
p.19-25.
362
_a
Nov
650
_a
Girls
773
_a
Social Welfare
909
_a
58726
999
_c
58726
_d
58726